000 01444ngm a22003850a 4500
001 PT16720
003 AR-LpoUNG
005 20210202000234.0
007 vd cvaizq
008 191001ss. f||||ag |||||||||||||||||spa d
037 _c$9.98
040 _aAR-LpoUNG
_bspa
_cAR-LpoUNG
_eaacr
041 _aspa
044 _aag
082 0 _a982.061 652der
100 1 _aVidela, Luis
_edir.
245 1 0 _aDerrocamiento de Yrigoyen :
_bla fractura del orden institucional
260 _aBuenos Aires :
_bVisual Ediciones Argentina,
_cs. f..
300 _aVHS (50 min.) : son., byn, col.
520 _aEl film da cuenta de la conspiración que la oligarquía habia llevado adelante junto a los grandes poderes económicos mundiales, militares, banqueros y familias patricias para derrocar al gobierno de Hipólito Yrigoyen, dando comienzo asi a más de medio siglo caracterizado por la violación sistemática a la Constitución y las leyes de la Nación.
650 4 _aANALISIS HISTORICO
650 4 _aARGENTINA
650 4 _aCONFLICTOS POLITICOS
650 4 _aGOLPES DE ESTADO
650 4 _aHISTORIA
650 4 _aJEFES DE ESTADO
651 4 _aArgentina
653 _aDOCUMENTALES
653 _aVIDEOS
710 2 _aArchivo General de la Nación (Argentina)
710 2 _aHistoria Canal Satelital (firma comercial)
710 2 _aVideo Saber Conocimiento Audiovisual (firma Comercial)
905 _a16720
942 _cVIDEO
999 _c54416
_d54416